| 000 | 01152nam a2200301Ia 4500 | ||
|---|---|---|---|
| 001 | ebr10359395 | ||
| 003 | CaPaEBR | ||
| 006 | m u | ||
| 007 | cr cn||||||||| | ||
| 008 | 990907s2009 ii a s 001 0 eng d | ||
| 020 | _z9788122426755 | ||
| 020 | _z9788122429381 | ||
| 040 |
_aCaPaEBR _cCaPaEBR |
||
| 035 | _a(OCoLC)647844125 | ||
| 050 | 1 | 4 |
_aTS183 _b.R36 2009eb |
| 100 | 1 | _aRao, K. Vara Prasada. | |
| 245 | 1 | 0 |
_aManufacturing science and technology _h[electronic resource] : _bmanufacturing processes and machine tools / _cK. Vara Prasada Rao. |
| 250 | _a2nd ed. | ||
| 260 |
_aNew Delhi : _bNew Age International, _cc2009. |
||
| 300 |
_axvi, 382 p. : _bill. |
||
| 500 | _aIncludes index. | ||
| 533 |
_aElectronic reproduction. _bPalo Alto, Calif. : _cebrary, _d2010. _nAvailable via World Wide Web. _nAccess may be limited to ebrary affiliated libraries. |
||
| 650 | 0 | _aManufacturing processes. | |
| 650 | 0 | _aMachine-tools. | |
| 655 | 7 |
_aElectronic books. _2local |
|
| 710 | 2 | _aebrary, Inc. | |
| 856 | 4 | 0 |
_uhttp://site.ebrary.com/lib/rucke/Doc?id=10359395 _zAn electronic book accessible through the World Wide Web; click to view |
| 999 |
_c104781 _d104781 |
||